La pobreza y la distribución de los ingresos en América Latina (Registro nro. 3849)

Detalles MARC
000 -LEADER
fixed length control field 01122 a2200277 4500
001 - CONTROL NUMBER
control field 44908
005 - DATE AND TIME OF LATEST TRANSACTION
control field 20260407155724.0
008 - FIXED-LENGTH DATA ELEMENTS--GENERAL INFORMATION
fixed length control field 260407a1997 arg spa d
003 - CONTROL NUMBER IDENTIFIER
control field AR-UNSa-BCEJYS
040 ## - CATALOGING SOURCE
Original cataloging agency AR-UNSa-BCEJYS
Language of cataloging spa
Transcribing agency AR-UNSa-BCEJYS
080 ## - UNIVERSAL DECIMAL CLASSIFICATION NUMBER
Universal Decimal Classification number 338.124
Common auxiliary subdivision Retroceso de la actividad económica. Contracción económica (Pobreza...)
020 ## - INTERNATIONAL STANDARD BOOK NUMBER
International Standard Book Number 0-8213-3831-5
041 ## - LANGUAGE CODE
Language code of text/sound track or separate title spa
100 1# - MAIN ENTRY--PERSONAL NAME
Personal name Morley, Samuel
245 10 - TITLE STATEMENT
Title La pobreza y la distribución de los ingresos en América Latina
Name of part/section of a work Historia del decenio de 1980
264 #1 - PRODUCTION, PUBLICATION, DISTRIBUTION, MANUFACTURE, AND COPYRIGHT NOTICE
Place of production, publication, distribution, manufacture Washington :
Name of producer, publisher, distributor, manufacturer Banco Mundial
Date of production, publication, distribution, manufacture, or copyright notice 1997
300 ## - PHYSICAL DESCRIPTION
Extent iii, 314 p.
Dimensions 28 cm.
505 ## - FORMATTED CONTENTS NOTE
Formatted contents note 1. Introducción – 2. La distribución del ingreso familiar per cápita – 3. Descomposición de la desigualdad de los ingresos – 4. La pobreza absoluta – 5. Indicadores sociales -
590 ## - LOCAL NOTE (RLIN)
Local note niveau_biblio:m niveau_hierar:0
700 1# - ADDED ENTRY--PERSONAL NAME
Personal name Psacharopoulos, George
700 1# - ADDED ENTRY--PERSONAL NAME
Personal name Fiszbein, Martín
700 1# - ADDED ENTRY--PERSONAL NAME
Personal name Lee, Haeduck
700 1# - ADDED ENTRY--PERSONAL NAME
Personal name Wood, Bill
856 41 - ELECTRONIC LOCATION AND ACCESS
Uniform Resource Identifier <a href="https://www.biblioeco.unsa.edu.ar/pmb/images/libros/L127032.jpg">https://www.biblioeco.unsa.edu.ar/pmb/images/libros/L127032.jpg</a>
Link text Imagen de portada
Electronic format type image/jpeg
942 ## - ADDED ENTRY ELEMENTS (KOHA)
Koha item type
Existencias
Withdrawn status Lost status Damaged status Not for loan Home library Current library Shelving location Date acquired Total checkouts Full call number Barcode Date last seen Price effective from Koha item type
        Biblioteca Prof. Eusebio Cleto del Rey Biblioteca Prof. Eusebio Cleto del Rey   07/04/2026   338.124 P739 L127032 07/04/2026 07/04/2026 Libro